01442nam a2200145 a 4500008004100000041000800041100002600049245003500075250001100110260003900121300001100160500007200171505103800243655001501281171102e2016 ag ||||| |||| 00| j spa d aspa1 aLópez, Agostina Luz aWeiwei /cAgostina Luz López a1a ed. aBuenos Aires:bNotanpüan;c2016. a128 p. aLópez, A. L. (2016). Weiwei. (1a ed.). Buenos Aires : Notapüan. aWeiwei es una novela taiwanesa. Y, como toda novela taiwanesa, habla sobre la mirada y los ritos de iniciación. Al amor, a la tragedia y a la escritura. Partiendo de una residencia de escritores en un pueblo medieval de Francia perdido entre puentes, la narradora desanda las aventuras del presente y desenvuelve historias de un pasado que encarna o documenta. A cada paso, basculando entre la ambición de contarlo todo y la epifanía ante el relato del otro, surge la necesidad de replantear las formas. Y es que Weiwei, a la par de la narración, piensa y repiensa la materia de la escritura, de una escritura original que precede al acto mismo de escribir. Weiwei, de Agostina Luz López, es un rompecabezas narrativo, virtuoso, sensible, experimental. Pero también el nombre de una joven taiwanea que cuenta la historia de dos chicas unidas por un flechazo romántico: "Una noche toman un vino blanco que compraron por algun lugar de Beijing y Li Mo le dice que ama a la gente de Beijing porque no tiene miedo de nada". aLiteratura